• 首页
  • 本馆介绍
  • 公告通知
  • 最新文献
  • 馆藏检索
  • 电子资源
  • 读者导购
  • 参考咨询
  • 我的图书馆
  • 登录
  • 详细信息显示
  • 放入我的书架
  • 预约/预借图书
  • 作者相关作品
  • 分类相关作品
  • 丛书相关作品
  • 出版社相关作品

书目信息

  • 表格格式
  • 工作单格式
  • 卡片格式
题名:
狂客
    
 
作者: 刘臻主编
分册:  
出版信息: 北京   新华出版社  2021
页数: 246页
开本: 23cm
丛书名:
单 册:
中图分类: I207.227.42 , J952
科图分类:
主题词: 贺知章,--he zhi zhang ,--659--744--唐诗--诗歌研究 , 纪录片--ji lu pian--介绍--中国
电子资源:
ISBN: 978-7-5166-5560-3
000 01102nam0 2200265 450
001 2151115982
005 20211018173724.0
010    @a978-7-5166-5560-3@dCNY86.00
100    @a20210511d2021 em y0chiy0120 ea
101 0  @achi
102    @aCN@b110000
105    @aa z 000yy
106    @ar
200    @a狂客@Akuang ke@e《贺知章》创作全纪录@f刘臻主编
210    @a北京@c新华出版社@d2021
215    @a246页@c彩图, 乐谱@d23cm
330    @a本书记录一个真实的贺知章和他的代表作, 摄制组花半年时间查阅典籍史料, 与名家探讨, 理出台本 ; 然后又经过半年时间的拍摄与后期制作, 终于形成人文纪录片《贺知章》。 摄制组的同志, 尤其是主创, 在这一年中尽心尽力, 不敢疏忽, 在项目收尾阶段, 亦整理创作全过程, 辑录成书, 以追古抚今, 为弘扬中华优秀传统文化添砖加瓦。
517 1  @a《贺知章》创作全纪录@Ahe zhi zhang chuang zuo quan ji lu
606 0  @a贺知章,@Ahe zhi zhang ,@x659@x744@x唐诗@x诗歌研究
606 0  @a纪录片@Aji lu pian@x介绍@x中国
690    @aI207.227.42@v5
690    @aJ952@v5
701    @a刘臻主编@Aliu zhen zhu bian
801  0 @aCN@b百万庄@c20211018
905    @b1310192-95@dI207.227.42@e1424@f4
    
    狂客:《贺知章》创作全纪录/刘臻主编.-北京:新华出版社,2021
    246页:彩图, 乐谱;23cm
    
    
    ISBN 978-7-5166-5560-3:CNY86.00
    本书记录一个真实的贺知章和他的代表作, 摄制组花半年时间查阅典籍史料, 与名家探讨, 理出台本 ; 然后又经过半年时间的拍摄与后期制作, 终于形成人文纪录片《贺知章》。 摄制组的同志, 尤其是主创, 在这一年中尽心尽力, 不敢疏忽, 在项目收尾阶段, 亦整理创作全过程, 辑录成书, 以追古抚今, 为弘扬中华优秀传统文化添砖加瓦。
●
相关链接 在E读中查询图书 在五车中查询图书 在当当中查询图书 在豆瓣中查询图书


正题名:狂客     索取号:I207.227.42/1424         预约/预借

序号 登录号 条形码 馆藏地/架位号 状态 备注
1 1310192   213101926   第一样本阅览室/ [索取号:I207.227.42/1424] 在馆    
2 1310193   213101935   第二借阅区/ [索取号:I207.227.42/1424] 在馆    
3 1310194   213101944   第二借阅区/ [索取号:I207.227.42/1424] 在馆    
4 1310195   213101953   第二借阅区/ [索取号:I207.227.42/1424] 在馆    
欢迎您!
大连网信软件有限公司© 版权所有